इसे छोड़कर सामग्री पर बढ़ने के लिए
Inicio
Centros participantes
Catálogo
Servicios
Contacto
लॉग इन करें
English
Deutsch
Español
Français
Italiano
日本語
Nederlands
Português
Português (Brasil)
中文(简体)
中文(繁體)
Türkçe
עברית
Gaeilge
Cymraeg
Ελληνικά
Català
Euskara
Русский
Čeština
Suomi
Svenska
polski
Dansk
slovenščina
اللغة العربية
বাংলা
Galego
Tiếng Việt
Hrvatski
हिंदी
Հայերէն
Українська
Sámegiella
भाषा
सभी फ़ील्ड्स
शीर्षक
लेखक
विषय
बोधानक
आईएसबीएन / आईएसएसएन
टैग
खोज
उन्नत
Teatro Medieval
इसे उद्धृत करें
इसे ईमेल करें
प्रिंट
निर्यात रिकॉर्ड
को निर्यात RefWorks
को निर्यात EndNoteWeb
को निर्यात EndNote
सूची में सहेजें
स्थायी लिंक
पहली रेटिंग जोड़ें
Teatro Medieval
में बचाया:
ग्रंथसूची विवरण
मुख्य लेखक:
Lázaro Carreter, Fernando
स्वरूप:
पुस्तक
भाषा:
Undetermined
प्रकाशित:
Valencia, España
Castalia
1958
विषय:
TEATRO
टैग:
टैग जोड़ें
कोई टैग नहीं, इस रिकॉर्ड को टैग करने वाले पहले व्यक्ति बनें!
होल्डिंग्स
विवरण
टिप्पणियाँ
समान संसाधन
स्टाफ के लिए
MARC
LEADER
00000nam a2200000Ia 4500
008
170316s9999 xx 000 0 und d
090
|a
792 L-1t
100
|a
Lázaro Carreter, Fernando
245
|a
Teatro Medieval
260
|a
Valencia, España
260
|b
Castalia
260
|c
1958
300
|a
228 páginas
650
|a
TEATRO
999
|c
19762
|d
19762
040
|a
cru BVZT
942
|c
15 D
|h
792 L-1t
|2
z
समान संसाधन
Teatro Medieval
द्वारा: Lázaro Carreter, Fernando
प्रकाशित: (1984)
El teatro medieval y renacentista
द्वारा: Huerta Calvo, Javier
प्रकाशित: (1984)
Teatro
द्वारा: Synge, John M.
प्रकाशित: (1959)
Teatro Infantil /
द्वारा: Chacón Suñol, María Elena de
प्रकाशित: (1970)
Teatro sobre teatro /
द्वारा: Ruibal, José, 1925-
प्रकाशित: (1984)